England County Quiz - Suffolk - Statistics

General Stats
  • This quiz has been taken 271 times
  • The average score is 10 of 15
Answer Stats
Hint Answer % Correct
Historic market town in west Suffolk, home to the ruins of an ancient abbey {Bury} St. Edmunds
97%
County town Ipswich
96%
Market town and headquarters of British horseracing Newmarket
85%
Seaside town with the largest container port in the United Kingdom Felixstowe
83%
Musician who sang about the 'Castle on the Hill' in his home town of Framlingham Ed Sheeran
77%
Town which marks the easternmost point of the British mainland Lowestoft
76%
Suffolk born landscape painter, whose most notable work is 'The Hay Wain' John Constable
73%
Suffolk river from which Eric Arthur Blair derived his Nom-de-Plume Orwell
70%
Breed of heavy working horse, originally developed in the county for agricultural use Suffolk {Punch}
70%
Anglo-Saxon cemetery and the site of a ship burial containing spectacular artefacts Sutton Hoo
68%
Archbishop and advisor to Henry VIII, who was born in the above town Cardinal {Thomas Wolsey}
67%
Quaint seaside town, known for its pier, lighthouse and Adnams brewery Southwold
67%
Once the capital of the Kingdom of the East Angles, and similar in size to 14th-century London, most of this town has since disappeared due to coastal erosion Dunwich
39%
Major classical music festival held at Snape Maltings since 1967 {Aldeburgh} Festival
37%
The eighth novel by Charles Dickens which was set partly in Suffolk David Copperfield
33%
No matching quizzes found
Score Distribution
Percent of People with Each Score
Percentile by Number Answered
Your Score History
You have not taken this quiz